Public policy in an uncertain world analysis and decisions

Salvato in:
Dettagli Bibliografici
Autore principale: Manski, Charles F.
Natura: Libro
Lingua:inglese
Pubblicazione: Cambridge Harvard University Press 2013
Soggetti:
Tags: Aggiungi Tag
Nessun Tag, puoi essere il primo ad aggiungerne!!

MARC

LEADER 00000nam a2200000 4500
001 0226737
005 20240306140418.8
020 |a 978-0-674-06689-2 
041 0 |a eng 
044 |a US 
245 1 0 |a Public policy in an uncertain world  |b analysis and decisions  |c Charles F. Manski 
264 1 |a Cambridge  |b Harvard University Press  |c 2013 
300 |a 199 s. 
610 2 0 |a politika verejná 
610 2 0 |a správa verejná 
610 2 0 |a plánovanie 
610 2 0 |a rozhodovanie 
610 2 0 |a analýzy 
100 1 |a Manski, Charles F.